[Event "Titled Tuesday intern op 24th Sep Early"]
[Site "Chess.com INT"]
[Date "2024.09.24"]
[Round "3"]
[White "Ersoz, Teoman Guney"]
[Black "Marichal Gonzalez, Ariel"]
[Result "0-1"]
[WhiteElo "1976"]
[BlackElo "2268"]
[PlyCount "174"]
[EventDate "2024.09.24"]
[EventType "swiss (blitz)"]
[EventRounds "11"]
[EventCountry "USA"]
[SourceTitle "EXT 2025"]
[Source "ChessBase"]
[SourceDate "2024.10.14"]
[SourceVersion "1"]
[SourceVersionDate "2024.10.14"]
[SourceQuality "1"]

1. d4 Nf6 2. Nf3 g6 3. c4 Bg7 4. g3 0-0 5. Bg2 d5 6. 0-0 Nc6 7. cxd5 Nxd5 8. Nc3 Nb6 9. e3 Re8 10. h3 a5 11. Na4 Nxa4 12. Qxa4 e5 13. d5 Qxd5 14. Nd4 e4 15. Nb5 Qe5 16. Bd2 Bf5 17. Bc3 Qe7 18. Bxg7 Kxg7 19. Nd4 Nxd4 20. Qxd4+ Qf6 21. Qc4 c6 22. b3 h5 23. Rac1 Qe6 24. Qc5 Bxh3 25. Qb6 Bxg2 26. Kxg2 Re7 27. Rc5 a4 28. b4 Qxa2 29. b5 Qe6 30. bxc6 bxc6 31. Rxc6 Qe5 32. Rfc1 a3 33. R1c5 Qb2 34. Qxb2+ axb2 35. Rb6 Ra2 36. Rcb5 Re6 37. Rxb2 Rxb2 38. Rxb2 f5 39. Rb5 Kf6 40. Kh3 Kg5 41. Rc5 Rd6 42. Rc7 Rd1 43. Rc6 Rd2 44. Kg2 Kh6 45. Rb6 Rc2 46. Ra6 Rb2 47. Rc6 Ra2 48. Rd6 Kg5 49. Re6 Kh6 50. Re7 Kg5 51. Rf7 h4 52. Rg7 h3+ 53. Kg1 h2+ 54. Kg2 Rxf2+ 55. Kh1 Rf3 56. Kxh2 Rxe3 57. Kg2 Re2+ 58. Kf1 Kh6 59. Ra7 Rb2 60. Ra6 Kh5 61. Kg1 g5 62. Rf6 Kg4 63. Rg6 Rc2 64. Kf1 e3 65. Ke1 Kf3 66. Kd1 Ra2 67. Kc1 e2 68. Re6 Ra1+ 69. Kd2 e1Q+ 70. Rxe1 Rxe1 71. Kxe1 Kxg3 72. Kf1 f4 73. Kg1 f3 74. Kf1 f2 75. Ke2 Kg2 76. Ke3 f1Q 77. Ke4 g4 78. Ke5 g3 79. Kd4 Qf3 80. Kc5 Kf2 81. Kd4 g2 82. Kc5 g1Q 83. Kd4 Qgg4+ 84. Kc5 Qfh3 85. Kb5 Qhh5+ 86. Kb6 Qgg6+ 87. Kb7 Qhh7+ 0-1

[Event "Titled Tuesday intern op 10th Sep Early"]
[Site "Chess,com INT"]
[Date "2024.09.10"]
[Round "4"]
[White "Allahverdiyeva, Ayan"]
[Black "Marichal Gonzalez, Ariel"]
[Result "0-1"]
[WhiteElo "2174"]
[BlackElo "2268"]
[PlyCount "120"]
[EventDate "2024.09.10"]
[EventType "swiss (blitz)"]
[EventRounds "11"]
[EventCountry "USA"]
[SourceTitle "EXT 2025"]
[Source "ChessBase"]
[SourceDate "2024.10.14"]
[SourceVersion "1"]
[SourceVersionDate "2024.10.14"]
[SourceQuality "1"]

1. e4 c5 2. Nf3 Nc6 3. Bb5 g6 4. Bxc6 dxc6 5. d3 Bg7 6. Nc3 Nf6 7. h3 Nd7 8. Be3 e5 9. Qd2 h6 10. Nh2 Qe7 11. 0-0 Nf8 12. f4 exf4 13. Bxf4 Ne6 14. Bg3 Qg5 15. Qe1 Nd4 16. Qf2 0-0 17. Bh4 Qe5 18. Nf3 Qf4 19. Bg3 Nxf3+ 20. Qxf3 Qxf3 21. Rxf3 b6 22. e5 Re8 23. Re1 Bf5 24. Ne4 Be6 25. Nd6 Re7 26. Ref1 Bd5 27. Re3 Rd8 28. c4 Be6 29. Bh4 g5 30. Bg3 Kh7 31. Bh2 Kg6 32. g4 h5 33. Nf5 Red7 34. Rff3 hxg4 35. hxg4 Rh8 36. Re2 Rh7 37. Bg3 a6 38. Rh2 Rxh2 39. Bxh2 Bf8 40. Kf2 b5 41. b3 a5 42. Ke3 a4 43. Ke4 axb3 44. axb3 Ra7 45. Bg1 Ra3 46. d4 bxc4 47. dxc5 Rxb3 48. Rxb3 cxb3 49. Bd4 Bxc5 50. Kd3 Bxd4 51. Nxd4 b2 52. Kc2 Bxg4 53. Kxb2 Bd7 54. Kc3 g4 55. Kd3 Kg5 56. Ke3 c5 57. Nb3 c4 58. Nc5 Be6 59. Ne4+ Kh4 60. Kf4 Kh3 0-1

[Event "Titled Tuesday intern op 10th Sep Early"]
[Site "Chess,com INT"]
[Date "2024.09.10"]
[Round "8"]
[White "Marichal Gonzalez, Ariel"]
[Black "Parfenov, Viktor N"]
[Result "0-1"]
[WhiteElo "2268"]
[BlackElo "2193"]
[PlyCount "86"]
[EventDate "2024.09.10"]
[EventType "swiss (blitz)"]
[EventRounds "11"]
[EventCountry "USA"]
[SourceTitle "EXT 2025"]
[Source "ChessBase"]
[SourceDate "2024.10.14"]
[SourceVersion "1"]
[SourceVersionDate "2024.10.14"]
[SourceQuality "1"]

1. d4 Nf6 2. c4 g6 3. Nc3 Bg7 4. e4 d6 5. h3 0-0 6. Nf3 e5 7. d5 Nh5 8. g3 f5 9. exf5 gxf5 10. Ng5 Qe8 11. c5 Na6 12. cxd6 cxd6 13. Bc4 Nc7 14. a4 e4 15. Be3 f4 16. gxf4 Nxf4 17. Rg1 Kh8 18. Bd4 Be5 19. Qd2 Nd3+ 20. Bxd3 Bxd4 21. Bxe4 Bxf2+ 22. Qxf2 Rxf2 23. Kxf2 Qh5 24. Bf3 Qh4+ 25. Ke2 Qc4+ 26. Kd2 Qf4+ 27. Ke2 b6 28. Be4 Ba6+ 29. Kd1 Rf8 30. Kc2 Bc4 31. Rae1 Na6 32. Ne6 Qf2+ 33. Kb1 Rg8 34. Rxg8+ Kxg8 35. Rd1 Nc5 36. Bc2 Nxe6 37. dxe6 Bxe6 38. Rxd6 Bxh3 39. Rh6 Qe1+ 40. Ka2 Be6+ 41. Bb3 Bxb3+ 42. Kxb3 Kg7 43. Rh3 Qe6+ 0-1

[Event "Titled Tuesday intern op 27th Aug Early"]
[Site "Chess.com INT"]
[Date "2024.08.27"]
[Round "5"]
[White "Marichal Gonzalez, Ariel"]
[Black "Ishvi, Aggarwal"]
[Result "0-1"]
[WhiteElo "2268"]
[BlackElo "2008"]
[PlyCount "72"]
[EventDate "2024.08.27"]
[EventType "swiss (blitz)"]
[EventRounds "11"]
[EventCountry "USA"]
[SourceTitle "EXT 2025"]
[Source "ChessBase"]
[SourceDate "2024.10.14"]
[SourceVersion "1"]
[SourceVersionDate "2024.10.14"]
[SourceQuality "1"]

1. d4 Nf6 2. c4 e6 3. Nf3 d5 4. Nc3 Be7 5. g4 Nxg4 6. Rg1 h5 7. h3 Nh6 8. Rxg7 Nf5 9. Rg1 Nd7 10. Bf4 c6 11. e3 Nf6 12. Ne5 Bd7 13. Bd3 Qa5 14. Qc2 Nd6 15. 0-0-0 dxc4 16. Bxc4 Nd5 17. Bxd5 cxd5 18. Kb1 Rc8 19. f3 Nb5 20. Nxd7 Rxc3 21. bxc3 Na3+ 22. Kc1 Nxc2 23. Nc5 Bxc5 24. dxc5 Qxc3 25. Be5 Qxe5 26. Kxc2 Qxe3 27. Rc1 Qxc5+ 28. Kb2 Qb4+ 29. Ka1 Kd7 30. Rgd1 Rc8 31. Rxc8 Kxc8 32. h4 Qxh4 33. f4 Qxf4 34. Kb2 Qb4+ 35. Ka1 Qc3+ 36. Kb1 Kd7 0-1

[Event "Titled Tuesday intern op 20th Aug Early"]
[Site "Chess.com INT"]
[Date "2024.08.20"]
[Round "1"]
[White "Janaszak, Dawid"]
[Black "Marichal Gonzalez, Ariel"]
[Result "0-1"]
[WhiteElo "2308"]
[BlackElo "2268"]
[PlyCount "94"]
[EventDate "2024.08.20"]
[EventType "swiss (blitz)"]
[EventRounds "11"]
[EventCountry "USA"]
[SourceTitle "EXT 2025"]
[Source "ChessBase"]
[SourceDate "2024.10.14"]
[SourceVersion "1"]
[SourceVersionDate "2024.10.14"]
[SourceQuality "1"]

1. e4 c5 2. Nc3 Nc6 3. Bb5 Nd4 4. Nf3 Nxb5 5. Nxb5 d5 6. exd5 a6 7. Nc3 Nf6 8. 0-0 Nxd5 9. Ne4 e6 10. d4 cxd4 11. Qxd4 Nb4 12. Qe5 Qd5 13. c3 Qxe5 14. Nxe5 Nd5 15. Nc4 b5 16. Ncd6+ Bxd6 17. Nxd6+ Ke7 18. Ne4 Bd7 19. a3 Rhc8 20. Bg5+ f6 21. Bd2 a5 22. Rfe1 h6 23. g3 e5 24. f4 exf4 25. gxf4 Rc6 26. Kf2 Re6 27. Nc5 Rxe1 28. Rxe1+ Kd6 29. Ne4+ Kc6 30. Rg1 g5 31. fxg5 fxg5 32. Ke2 Re8 33. Kd3 Bf5 34. Re1 Nf6 35. Rf1 Bxe4+ 36. Kd4 Nd5 37. Rf7 Bg6 38. Rg7 Re4+ 39. Kd3 Re6+ 40. Kd4 Ne7 41. Rxe7 Rxe7 42. h4 Re6 43. h5 Bxh5 44. c4 Bf7 45. cxb5+ Kxb5 46. a4+ Kxa4 47. Bc3 Kb3 0-1

[Event "Titled Tuesday intern op 13th Aug Late"]
[Site "Chess.com INT"]
[Date "2024.08.13"]
[Round "5"]
[White "Marichal Gonzalez, Ariel"]
[Black "Colville, Julian"]
[Result "1-0"]
[WhiteElo "2268"]
[BlackElo "2067"]
[PlyCount "87"]
[EventDate "2024.08.13"]
[EventType "swiss (blitz)"]
[EventRounds "11"]
[EventCountry "USA"]
[SourceTitle "EXT 2025"]
[Source "ChessBase"]
[SourceDate "2024.10.14"]
[SourceVersion "1"]
[SourceVersionDate "2024.10.14"]
[SourceQuality "1"]

1. d4 d5 2. c4 e6 3. Nf3 Nf6 4. Nc3 Nbd7 5. Qc2 Bb4 6. Bg5 h6 7. Bxf6 Qxf6 8. e3 c6 9. Bd3 0-0 10. 0-0 Nb6 11. Ne5 dxc4 12. Nxc4 Nxc4 13. Bxc4 c5 14. Ne4 Qe7 15. a3 Ba5 16. dxc5 Bc7 17. Rfd1 Bd7 18. b4 Bc6 19. Nd6 Rfd8 20. b5 Be8 21. Nxb7 Rxd1+ 22. Rxd1 Rb8 23. Nd6 Rd8 24. Nxe8 Qxe8 25. a4 Ba5 26. g3 Qe7 27. c6 g6 28. Rxd8+ Qxd8 29. Bxe6 fxe6 30. Qxg6+ Kf8 31. Qxe6 Kg7 32. h4 Bb6 33. Kg2 Qd3 34. Qe5+ Kh7 35. Qe7+ Kg6 36. c7 Qd5+ 37. Kh2 Qf3 38. Kg1 Qd1+ 39. Kg2 Qd5+ 40. e4 Qd4 41. h5+ Kxh5 42. Qf7+ Kg5 43. f4+ Kg4 44. Qf5# 1-0

[Event "Titled Tuesday intern op 13th Aug Late"]
[Site "Chess.com INT"]
[Date "2024.08.13"]
[Round "7"]
[White "Marichal Gonzalez, Ariel"]
[Black "Volkov, Maksim"]
[Result "0-1"]
[WhiteElo "2268"]
[BlackElo "2306"]
[PlyCount "90"]
[EventDate "2024.08.13"]
[EventType "swiss (blitz)"]
[EventRounds "11"]
[EventCountry "USA"]
[SourceTitle "EXT 2025"]
[Source "ChessBase"]
[SourceDate "2024.10.14"]
[SourceVersion "1"]
[SourceVersionDate "2024.10.14"]
[SourceQuality "1"]

1. d4 Nf6 2. c4 e6 3. Nf3 d5 4. Nc3 c5 5. cxd5 cxd4 6. Qa4+ Bd7 7. Qxd4 exd5 8. Nxd5 Nxd5 9. Qxd5 Nc6 10. Bd2 Qb6 11. Bc3 Bb4 12. Rd1 Be6 13. Qe4 Bxc3+ 14. bxc3 Qa5 15. Qc2 Rc8 16. e3 Qxa2 17. Qxa2 Bxa2 18. Ra1 Bd5 19. Be2 0-0 20. 0-0 a6 21. Rfb1 Rc7 22. Rb6 Ne7 23. c4 Be4 24. Nd2 Bc6 25. Bf3 Nc8 26. Rb4 Bxf3 27. Nxf3 Nd6 28. Rab1 Rfc8 29. Ne5 f6 30. Rb6 Ne4 31. Nd3 Rd7 32. Ne1 Nc3 33. Ra1 Rxc4 34. g3 Nd5 35. Rbb1 Rb4 36. Nf3 Rxb1+ 37. Rxb1 b5 38. Nd4 b4 39. Ra1 Ra7 40. Nc6 Rb7 41. e4 Nc3 42. Rxa6 b3 43. Ra8+ Kf7 44. Nd8+ Kg6 45. Nxb7 b2 0-1

[Event "Titled Tuesday intern op 13th Aug Late"]
[Site "Chess.com INT"]
[Date "2024.08.13"]
[Round "3"]
[White "Souza dos Santos, Matheus Garcett"]
[Black "Marichal Gonzalez, Ariel"]
[Result "0-1"]
[WhiteElo "1975"]
[BlackElo "2268"]
[PlyCount "88"]
[EventDate "2024.08.13"]
[EventType "swiss (blitz)"]
[EventRounds "11"]
[EventCountry "USA"]
[SourceTitle "EXT 2025"]
[Source "ChessBase"]
[SourceDate "2024.10.14"]
[SourceVersion "1"]
[SourceVersionDate "2024.10.14"]
[SourceQuality "1"]

1. e4 c5 2. Nf3 Nc6 3. d4 cxd4 4. Nxd4 Nf6 5. Nc3 e5 6. Ndb5 d6 7. Bg5 a6 8. Na3 b5 9. Nd5 Be7 10. Bxf6 Bxf6 11. c4 b4 12. Nc2 0-0 13. h4 a5 14. g3 a4 15. Bh3 Be6 16. Qd3 Rb8 17. b3 axb3 18. axb3 Bxd5 19. cxd5 Nd4 20. Nxd4 exd4 21. 0-0 Re8 22. Ra6 Rb6 23. Ra7 Qb8 24. Rfa1 Rb7 25. R7a6 g6 26. h5 Kg7 27. R1a4 Rc7 28. Rc6 Rce7 29. f3 Be5 30. f4 Bf6 31. Bg2 gxh5 32. Qa6 d3 33. Qxd3 Kh8 34. Rc4 Rg8 35. Raxb4 Qa7+ 36. Kh2 h4 37. e5 hxg3+ 38. Kh1 Qa1+ 39. Qf1 Qxf1+ 40. Bxf1 dxe5 41. d6 Rd7 42. fxe5 Bxe5 43. Bg2 Rxd6 44. Re4 Rd1+ 0-1

[Event "Titled Tuesday intern op 11th Jun Early"]
[Site "Chess.com INT"]
[Date "2024.06.11"]
[Round "6"]
[White "Marichal Gonzalez, Ariel"]
[Black "Jaskolka, Tomasz"]
[Result "0-1"]
[WhiteElo "2268"]
[BlackElo "2249"]
[PlyCount "48"]
[EventDate "2024.06.11"]
[EventType "swiss (blitz)"]
[EventRounds "11"]
[EventCountry "USA"]
[SourceTitle "EXT 2025"]
[Source "ChessBase"]
[SourceDate "2024.10.14"]
[SourceVersion "1"]
[SourceVersionDate "2024.10.14"]
[SourceQuality "1"]

1. d4 d5 2. c4 e5 3. dxe5 d4 4. a3 Nc6 5. e3 Bf5 6. Nf3 d3 7. Nbd2 Nge7 8. g3 Ng6 9. Bg2 Be7 10. 0-0 h5 11. b4 h4 12. Bb2 hxg3 13. hxg3 Qd7 14. b5 Nd8 15. e6 Bxe6 16. Ne5 Nxe5 17. Bxe5 Bh3 18. Qf3 Bxg2 19. Qxg2 f6 20. Bd4 c6 21. a4 Ne6 22. Nb3 Ng5 23. Rfd1 Qg4 24. Rxd3 Qe2 0-1

[Event "Titled Tuesday intern op 11th Jun Early"]
[Site "Chess.com INT"]
[Date "2024.06.11"]
[Round "3"]
[White "Marichal Gonzalez, Ariel"]
[Black "Koval, Artem"]
[Result "0-1"]
[WhiteElo "2268"]
[BlackElo "2193"]
[PlyCount "44"]
[EventDate "2024.06.11"]
[EventType "swiss (blitz)"]
[EventRounds "11"]
[EventCountry "USA"]
[SourceTitle "EXT 2025"]
[Source "ChessBase"]
[SourceDate "2024.10.14"]
[SourceVersion "1"]
[SourceVersionDate "2024.10.14"]
[SourceQuality "1"]

1. d4 Nf6 2. c4 e6 3. Nf3 d5 4. Nc3 Be7 5. Bg5 h6 6. Bxf6 Bxf6 7. e3 c6 8. Bd3 Nd7 9. Rc1 0-0 10. h4 dxc4 11. Bxc4 e5 12. Bb3 exd4 13. exd4 Re8+ 14. Kf1 Nb6 15. Qd3 Nd5 16. Ng5 Bxg5 17. hxg5 Qxg5 18. Rd1 Nf4 19. Qf3 Bg4 20. Ne4 Bxf3 21. Nxg5 Bxg2+ 22. Kg1 hxg5 0-1